000
00241nam a22001097a 4500
008
180806b xxu||||| |||| 00| 0 eng d
082
_a
813.52
245
_a
Pregnancy & newborn
_c
Dimes
260
_c
2006
300
_a
1
_f
CD
942
_2
ddc
_c
MX
999
_c
46792
_d
46792